Spell the Marvel Hero #126 - Statistics

General Stats
  • This quiz has been taken 18 times
  • The average score is 5 of 8
Answer Stats
Picture Answer % Correct
Human Torch
100%
Hercules
75%
Ka-Zar
75%
Lockheed
67%
She-Hulk
67%
Energizer
58%
Superior Octopus
58%
Ultragirl
42%
No matching quizzes found
Score Distribution
Percent of People with Each Score
Percentile by Number Answered
Your Score History
You have not taken this quiz